| 000 | 00618nam a2200169 a 4500 | ||
|---|---|---|---|
| 001 | 000027871 | ||
| 005 | 20240229073936.0 | ||
| 008 | 110405s1945 dr ac 000 0 spa d | ||
| 040 |
_aDO-SdBNP _bspa _cBNPHU |
||
| 082 |
_axxx _bT866p |
||
| 100 | 1 |
_aTrujillo Molina, Rafael Leónidas, _d 1891-1961 _976764 |
|
| 245 | 1 | 0 |
_aPosition of the Dominican government : _b(two letters and some declarations) / _cRafael Leónidas Trujillo Molina. |
| 260 |
_aCiudad Trujillo, República Dominicana : _bEditorial La Nación, _c1945. |
||
| 300 |
_a60 p. : _bil., retrs. ; _c22 cm. |
||
| 500 | _aIncludes footnotes pages | ||
| 049 | _aBNPD | ||
| 999 |
_c27363 _d27363 |
||